| 000 | 00640cam a2200229 4500 | ||
|---|---|---|---|
| 001 | ABS62386 | ||
| 008 | 000000n2000 000 0 eng u | ||
| 035 | _a(Sirsi) u106338 | ||
| 100 | _aStallworthy, M. | ||
| 245 | _aDamage to crops - Part 1 | ||
| 260 | _c2000 | ||
| 490 |
_aNew Law Journal _v 150(6936) 19 May 2000, 728-729(2) |
||
| 520 | _aConsiders the legal consequences of direct anti-GMO actions. | ||
| 590 | _aABS | ||
| 650 | _aDIRECT ACTION | ||
| 650 | _aGENETICALLY MODIFIED ORGANISMS | ||
| 650 | _aCRIMINAL DAMAGE | ||
| 650 | _aTHEFT | ||
| 650 | _aGENETICALLY MODIFIED CROPS | ||
| 690 |
_aRural _96268 |
||
| 942 | _n0 | ||
| 999 |
_c63687 _d63687 |
||